The automobile industry Japan and Toyota

Đã lưu trong:
Bibliografiske detaljer
Format: Bog
Sprog:Undetermined
Udgivet: Tokyo Toyota Motor 1983
Fag:
Tags: Tilføj Tag
Ingen Tags, Vær først til at tagge denne postø!
Thư viện lưu trữ: Trung tâm Học liệu Trường Đại học Cần Thơ
LEADER 00414nam a2200157Ia 4500
001 CTU_98855
008 210402s9999 xx 000 0 und d
082 |a 629.22 
082 |b A939 
245 4 |a The automobile industry Japan and Toyota 
260 |a Tokyo 
260 |b Toyota Motor 
260 |c 1983 
650 |a Automobile industry 
904 |i Truc 
980 |a Trung tâm Học liệu Trường Đại học Cần Thơ